Joint Ventures in der DDR - Probleme der Bildung und Besteuerung.
Hospodárska činnosť podnikov so zahraničnou účasťou v NDR a podmienky jej zdanenia sú vyjadrené v pozmeňovacom daňovom zákone. Joint ventures môžu v NDR vykonávať všetky podľa zákona prípustné činnosti, ale vyžadujú povolenie od štátu. Potreba zverejnenia všetkých právnych predpisov týkajúcich sa in...
Enregistré dans:
| Auteur principal: | |
|---|---|
| Format: | Chapitre de livre |
| Langue: | allemand |
| Sujets: | |
| Tags: |
Pas de tags, Soyez le premier à ajouter un tag!
|
MARC
| LEADER | 00000naa a2200000 4500 | ||
|---|---|---|---|
| 001 | r001929 | ||
| 005 | 20240618122425.7 | ||
| 041 | 0 | |a ger | |
| 044 | |a DE | ||
| 245 | 1 | 0 | |a Joint Ventures in der DDR - Probleme der Bildung und Besteuerung. |c M. Schulz |
| 520 | |a Hospodárska činnosť podnikov so zahraničnou účasťou v NDR a podmienky jej zdanenia sú vyjadrené v pozmeňovacom daňovom zákone. Joint ventures môžu v NDR vykonávať všetky podľa zákona prípustné činnosti, ale vyžadujú povolenie od štátu. Potreba zverejnenia všetkých právnych predpisov týkajúcich sa investovania zahraničného kapitálu v NDR. | ||
| 610 | 2 | 0 | |a činnosť hospodárska |
| 610 | 2 | 0 | |a podnik zmiešaný |
| 610 | 2 | 0 | |a NDR |
| 610 | 2 | 0 | |a dane podnikové |
| 610 | 2 | 0 | |a zákony |
| 610 | 2 | 0 | |a predpisy právne |
| 610 | 2 | 0 | |a investície zahraničné |
| 610 | 2 | 0 | |a kapitál zahraničný |
| 100 | 1 | |a Schulz, M. | |